| 000 | 00907nam a2200313Ia 4500 | ||
|---|---|---|---|
| 008 | 181129s9999 xx 000 0 und d | ||
| 020 | _a9789715698283 | ||
| 050 | _bL579 2015 | ||
| 100 | _aLeon, Artemio R. | ||
| 245 | 0 | _aVocations / | |
| 245 | 0 | _cby Artemio R. Leon ; illustrated by Christian Oliver A. Cruz. | |
| 260 | _aMakati, Philippines : | ||
| 260 | _bBookmark, | ||
| 260 | _c2015 | ||
| 300 | _a16 pages : | ||
| 300 | _bcolor illustrations ; | ||
| 300 | _c25cm. | ||
| 440 | _aModern heroes for the Filipino youth. | ||
| 650 | _aAuthors -- Biography. | ||
| 650 | _ade La Costa, Horacio Luis, 1916-1977. | ||
| 650 | _aHistorians -- | ||
| 650 | _aPriests -- Biography. | ||
| 650 | _aVocations (in religious orders, congregations, etc.) -- | ||
| 650 | _xBiography. | ||
| 650 | _xMeditation. | ||
| 700 | _aCruz, Christian Oliver A. | ||
| 700 | _aSeries. | ||
| 700 | _aTitle. | ||
| 999 |
_c360197 _d360197 |
||